Oracle 10g : SQL

Đã lưu trong:
Bibliografiske detaljer
Hovedforfatter: Casteel, Joan
Format: Bog
Sprog:Undetermined
Udgivet: Boston, MA. Thomson Course Technology 2007
Fag:
Tags: Tilføj Tag
Ingen Tags, Vær først til at tagge denne postø!
Thư viện lưu trữ: Trung tâm Học liệu Trường Đại học Cần Thơ
LEADER 00564nam a2200205Ia 4500
001 CTU_184352
008 210402s9999 xx 000 0 und d
082 |a 005.133 
082 |b C347 
100 |a Casteel, Joan 
245 0 |a Oracle 10g : 
245 0 |b SQL 
245 0 |c Joan Casteel 
260 |a Boston, MA. 
260 |b Thomson Course Technology 
260 |c 2007 
650 |a Oracle ( Computer file ),SQL ( Computer program language ) 
650 |x Textbooks.,Textbooks. 
904 |i Qhieu 
980 |a Trung tâm Học liệu Trường Đại học Cần Thơ